Southville International School and Colleges
Your cart is empty.
  • Cart
  • Lists
    Public lists Eva Luna New books Lux_list list_1
    Your lists Log in to create your own lists
  • Log in to your account
  • Your cookies
  • Search history
Southville International School and Colleges
  • Advanced search
  • Recent comments
  • Most popular
  • Libraries

Log in to your account

Log in with GOOGLE


If you do not have an external account, but do have a local account, you can still log in:

  1. Home
  2. MARC view: Lippincott's illustrated reviews :
Normal view MARC view ISBD view

Lippincott's illustrated reviews : (Record no. 284524)

[ view plain ]
MARC details
000 -LEADER
fixed length control field 00693nam a22002057a 4500
003 - CONTROL NUMBER IDENTIFIER
control field PILC
005 - DATE AND TIME OF LATEST TRANSACTION
control field 20150530114142.0
008 - FIXED-LENGTH DATA ELEMENTS--GENERAL INFORMATION
fixed length control field 150530b xxu||||| |||| 00| 0 eng d
020 ## - INTERNATIONAL STANDARD BOOK NUMBER
International Standard Book Number 9787609139995
020 ## - INTERNATIONAL STANDARD BOOK NUMBER
International Standard Book Number 9781469839783
050 ## - LIBRARY OF CONGRESS CALL NUMBER
Classification number QR 41.2
Item number .C814 2013
100 ## - MAIN ENTRY--PERSONAL NAME
Personal name Cornelissen, Cynthia Nau.
245 ## - TITLE STATEMENT
Title Lippincott's illustrated reviews :
Remainder of title microbiology /
Statement of responsibility, etc Cynthia Nau Cornelissen, Bruce D. Fisher, Richard A. Harvey.
250 ## - EDITION STATEMENT
Edition statement 3rd ed.
260 ## - PUBLICATION, DISTRIBUTION, ETC. (IMPRINT)
Place of publication, distribution, etc Philadelphia :
Name of publisher, distributor, etc Lippincott williams & Wilkins,
Date of publication, distribution, etc 2013.
300 ## - PHYSICAL DESCRIPTION
Extent 438 pages :
Other physical details illustrations ;
Dimensions 26 cm.
500 ## - GENERAL NOTE
General note Includes bibliographical references and index.
650 ## - SUBJECT ADDED ENTRY--TOPICAL TERM
Topical term or geographic name as entry element Microbiology.
942 ## - ADDED ENTRY ELEMENTS (KOHA)
Source of classification or shelving scheme Library of Congress Classification
Koha item type Books
Call number prefix Foreign
Holdings
Withdrawn status Lost status Source of classification or shelving scheme Damaged status Home library Current library Shelving location Date acquired Source of acquisition Sub Shelving location Total Checkouts Full call number Barcode Date last seen Price effective from Koha item type
    Library of Congress Classification   College Library College Library Reserve Section 05/30/2015 Library Fund     QR 41.2 .C814 2013 C19446 05/15/2018 05/30/2015 Books

Lippincott's illustrated reviews :

APA

Cornelissen C. N., . (2013). Lippincott's illustrated reviews. Philadelphia: Lippincott williams & Wilkins.

Chicago

Cornelissen Cynthia Nau, . 2013. Lippincott's illustrated reviews. Philadelphia: Lippincott williams & Wilkins.

Harvard

Cornelissen C. N., . (2013). Lippincott's illustrated reviews. Philadelphia: Lippincott williams & Wilkins.

MLA

Cornelissen Cynthia Nau, . Lippincott's illustrated reviews. Philadelphia: Lippincott williams & Wilkins. 2013.

  • Place hold
  • Print
  • Cite
  • Add to your cart (remove)
  • Save record
    BIBTEX Dublin Core MARCXML MARC (non-Unicode/MARC-8) MARC (Unicode/UTF-8) MARC (Unicode/UTF-8, Standard) MODS (XML) RIS
  • More searches
    Search for this title in:
    Other Libraries (WorldCat) Other Databases (Google Scholar) Online Stores (Bookfinder.com) Open Library (openlibrary.org)

Exporting to Dublin Core...

SOUTHVILLE LIBRARY

Southville International School and Colleges Library

1281 Tropical Ave. Cor. Luxembourg St., BF Homes International, Las Pinas City

Tel. No. 8256374 / 252358 Loc. 117/146

Powered by Koha